<?xml version="1.0" encoding="UTF-8"?>
<record
    xmlns:xsi="http://www.w3.org/2001/XMLSchema-instance"
    xsi:schemaLocation="http://www.loc.gov/MARC21/slim http://www.loc.gov/standards/marcxml/schema/MARC21slim.xsd"
    xmlns="http://www.loc.gov/MARC21/slim">

  <leader>02757cam a22003135a 4500</leader>
  <controlfield tag="001">15764263</controlfield>
  <controlfield tag="005">20160208103544.0</controlfield>
  <controlfield tag="008">090605s2010    nyua   frb    001 0 eng d</controlfield>
  <datafield tag="020" ind1=" " ind2=" ">
    <subfield code="a">9780415801577 (pbk.)</subfield>
  </datafield>
  <datafield tag="020" ind1=" " ind2=" ">
    <subfield code="a">0415801575 (pbk.)</subfield>
  </datafield>
  <datafield tag="040" ind1=" " ind2=" ">
    <subfield code="a">DLC</subfield>
    <subfield code="b">eng</subfield>
    <subfield code="c">DLC</subfield>
    <subfield code="d">BTCTA</subfield>
    <subfield code="d">C#P</subfield>
    <subfield code="d">UKM</subfield>
    <subfield code="d">CDX</subfield>
    <subfield code="d">FDA</subfield>
    <subfield code="d">DLC</subfield>
    <subfield code="d">EG-ScBUE </subfield>
    <subfield code="d">EG-ScBUE </subfield>
  </datafield>
  <datafield tag="082" ind1="0" ind2="4">
    <subfield code="a">302.224407</subfield>
    <subfield code="b">MUL</subfield>
    <subfield code="2">22</subfield>
  </datafield>
  <datafield tag="245" ind1="0" ind2="0">
    <subfield code="a">Multiliteracies in motion :</subfield>
    <subfield code="b">current theory and practice /</subfield>
    <subfield code="c">edited by David R. Cole, Darren L. Pullen.</subfield>
  </datafield>
  <datafield tag="260" ind1=" " ind2=" ">
    <subfield code="a">New York :</subfield>
    <subfield code="b">Routledge / Taylor &amp; Francis Group,</subfield>
    <subfield code="c">2010.</subfield>
  </datafield>
  <datafield tag="300" ind1=" " ind2=" ">
    <subfield code="a">ix, 273 p. :</subfield>
    <subfield code="b">ill. ;</subfield>
    <subfield code="c">23 cm.</subfield>
  </datafield>
  <datafield tag="500" ind1=" " ind2=" ">
    <subfield code="a">Index : p. 265-273.</subfield>
  </datafield>
  <datafield tag="504" ind1=" " ind2=" ">
    <subfield code="a">Includes bibliographical references.</subfield>
  </datafield>
  <datafield tag="505" ind1="0" ind2=" ">
    <subfield code="a">Introduction to multiliteracies in motion: current theory and practice / David R. Cole and Darren L. Pullen -- Classrooms and multiliteracies in motion; Uncritical framing: lesson and knowledge structure in school science / Beryl Exley and Allan Luke; Image, genre, voice, and the making of the school-literate child: lessons from multiliteracy teaching in China / Bette Zhang Bin and Peter Freebody; Introducing multimodal literacy to young children learning English as a second language (ESL) / Len unsworth and Robyn Bush -- Multiliteracies theory in motion. New media, new learning / Bill Cope and mary Kalantzis; Multiliteracies and the agency involved with computer operations in education / David R. Cole and Darren L. Pullen; Multiliteracies and the politics of desire / David R. Cole -- The pedagogy of multiliteracies in motion. Using the principles of multiliteracies to inform pedagogical change / Geoff Bull and Michele Anstey; Disrupting traditions: teachers negotiating multiliteracies and digital technologies / Elizabeth Petroelje Stolle and Gustavo E. Fischman; Using multiliteracies to facilitate culturally relevant pedagogy in the classroom / Louanne Ione Smolin and Kimberly Lawless -- Multiliteracies in practice; Multiliteracies and assessment practice / Ian Brown, Lori Lockyer and Peter Caputi; Young Australians reading in a digital world / Jennifer Rennie and Annette Patterson; Multiliteracies: resources for meaning-making in the secondary English classroom / Douglas McClenaghan and Brenton Doecke; A virtual school for rethinking learning / Julie Faulkner and Gloria Latham.</subfield>
  </datafield>
  <datafield tag="650" ind1=" " ind2="0">
    <subfield code="a">Literacy</subfield>
    <subfield code="x">Study and teaching.</subfield>
    <subfield code="2">BUEsh</subfield>
  </datafield>
  <datafield tag="650" ind1=" " ind2="0">
    <subfield code="a">Literacy</subfield>
    <subfield code="x">Research.</subfield>
    <subfield code="2">BUEsh</subfield>
  </datafield>
  <datafield tag="650" ind1=" " ind2="0">
    <subfield code="a">Computer literacy.</subfield>
    <subfield code="2">BUEsh</subfield>
    <subfield code="9">26078</subfield>
  </datafield>
  <datafield tag="650" ind1=" " ind2="0">
    <subfield code="a">Educational technology.</subfield>
    <subfield code="2">BUEsh</subfield>
  </datafield>
  <datafield tag="650" ind1=" " ind2="0">
    <subfield code="a">Education</subfield>
    <subfield code="x">Effect of technological innovations on.</subfield>
    <subfield code="2">BUEsh</subfield>
  </datafield>
  <datafield tag="651" ind1=" " ind2=" ">
    <subfield code="2">BUEsh</subfield>
  </datafield>
  <datafield tag="653" ind1=" " ind2=" ">
    <subfield code="b">EEENG</subfield>
    <subfield code="c">July2015</subfield>
    <subfield code="c">January2016</subfield>
  </datafield>
  <datafield tag="700" ind1="1" ind2=" ">
    <subfield code="a">Cole, David R.</subfield>
    <subfield code="q">(David Robert),</subfield>
    <subfield code="d">1967-</subfield>
    <subfield code="e">editor.</subfield>
  </datafield>
  <datafield tag="700" ind1="1" ind2=" ">
    <subfield code="a">Pullen, Darren L.,</subfield>
    <subfield code="e">editor.</subfield>
  </datafield>
  <datafield tag="942" ind1=" " ind2=" ">
    <subfield code="2">ddc</subfield>
  </datafield>
  <datafield tag="999" ind1=" " ind2=" ">
    <subfield code="c">20312</subfield>
    <subfield code="d">20284</subfield>
  </datafield>
  <datafield tag="952" ind1=" " ind2=" ">
    <subfield code="0">0</subfield>
    <subfield code="1">0</subfield>
    <subfield code="2">ddc</subfield>
    <subfield code="4">0</subfield>
    <subfield code="7">0</subfield>
    <subfield code="8">Baccah</subfield>
    <subfield code="a">MAIN</subfield>
    <subfield code="b">MAIN</subfield>
    <subfield code="c">1ST</subfield>
    <subfield code="d">2015-07-08</subfield>
    <subfield code="e">Purchase</subfield>
    <subfield code="g">396.00</subfield>
    <subfield code="h">21782</subfield>
    <subfield code="l">0</subfield>
    <subfield code="o">302.224407 MUL</subfield>
    <subfield code="p">000039264</subfield>
    <subfield code="r">2025-07-15 00:00:00</subfield>
    <subfield code="v">495.00</subfield>
    <subfield code="y">BB</subfield>
  </datafield>
</record>
